History of Illinois, to accompany an historical map of the state. (Record no. 52221)

MARC details
000 -LEADER
fixed length control field 00937cam a22002771 4500
001 - CONTROL NUMBER
control field rc 01002001
003 - CONTROL NUMBER IDENTIFIER
control field DLC
005 - DATE AND TIME OF LATEST TRANSACTION
control field 20260227111905.0
007 - PHYSICAL DESCRIPTION FIXED FIELD--GENERAL INFORMATION
fixed length control field cr_|||||||||||
008 - FIXED-LENGTH DATA ELEMENTS--GENERAL INFORMATION
fixed length control field 790118s1883 ilub b 000 0 eng
010 ## - LIBRARY OF CONGRESS CONTROL NUMBER
LC control number rc 01002001
035 ## - SYSTEM CONTROL NUMBER
System control number (OCoLC)4563704
040 ## - CATALOGING SOURCE
Original cataloging agency DLC
Transcribing agency OCl
Modifying agency ICIU
-- DLC
042 ## - AUTHENTICATION CODE
Authentication code premarc
043 ## - GEOGRAPHIC AREA CODE
Geographic area code n-us-il
050 00 - LIBRARY OF CONGRESS CALL NUMBER
Classification number F541
Item number .B63
100 1# - MAIN ENTRY--PERSONAL NAME
Personal name Blanchard, Rufus,
Dates associated with a name 1821-1904.
245 00 - TITLE STATEMENT
Title History of Illinois, to accompany an historical map of the state.
Statement of responsibility, etc. By Rufus Blanchard.
260 ## - PUBLICATION, DISTRIBUTION, ETC.
Place of publication, distribution, etc. Chicago,
Name of publisher, distributor, etc. National school furnishing co.,
Date of publication, distribution, etc. 1883.
300 ## - PHYSICAL DESCRIPTION
Extent 128 p.
Other physical details map.
Dimensions 23 cm.
501 ## - WITH NOTE
With note Bound with this is colored map, ca. 70 x 85 cm., mounted on linen.
504 ## - BIBLIOGRAPHY, ETC. NOTE
Bibliography, etc. note "Authorities consulted": p. 78.
530 ## - ADDITIONAL PHYSICAL FORM AVAILABLE NOTE
Additional physical form available note Also available in digital form on the Internet Archive Web site.
651 #0 - SUBJECT ADDED ENTRY--GEOGRAPHIC NAME
Geographic name Illinois
General subdivision History.
856 41 - ELECTRONIC LOCATION AND ACCESS
Uniform Resource Identifier <a href="http://hdl.loc.gov/loc.gdc/scd0001.00147524067">http://hdl.loc.gov/loc.gdc/scd0001.00147524067</a>

No items available.

Powered by Koha